| LEADER 00000nam 2200000uu 4500 |
| 008 140708s2555||||th 000 0 tha d |
| 041 0 ^atha^beng
|
| 090 ^aวพ WP870 พ239ผ 2555
|
| 100 0 ^aพรทิพย์ ปุกหุต
|
| 245 10 ^aรายงานวิทยานิพนธ์เรื่อง ผลของการสวดมนต์บำบัดต่อความวิตกกังวลและความผาสุกทางจิตวิญญาณในผู้ป่วยมะเร็งเต้านมระยะรับการรักษา /^cพรทิพย์ ปุกหุต
|
| 246 00 ^aThe effects of therapeutic prayer on anxiety and spiritualwell-being in breast cancer patients in diagnostic phase
|
| 260 ^aขอนแก่น : ^bมหาวิทยาลัยขอนแก่น,^c2555.
|
| 300 ^a104 แผ่น
|
| 502 ^aวิทยานิพนธ์ (พย.ม.)--สาขาวิชาการพยาบาลผู้ใหญ่ บัณฑิตวิทยาลัย มหาวิทยาลัยขอนแก่น, 2555
|
| 650 4 ^aเต้านม^xมะเร็ง^xผู้ป่วย
|
| 650 4 ^aความวิตกกังวล
|
| 650 4 ^aจิตวิญญาณ
|
| 650 0 ^aวิทยานิพนธ์
|
| 710 2 ^aมหาวิทยาลัยขอนแก่น. บัณฑิตวิทยาลัย สาขาวิชาการพยาบาลผู้ใหญ่
|
| 999 ^aใช้งานได้ทุกระบบ
|